000 00668nam a22002177i 4500
999 _c22932
_d22932
003 AR-CdUCM
008 240531b20082008 pe||||| |||| 00| 0 spa d
020 _a978-603-45201-3-4
040 _aMUNICIPALIDAD PROVINCIAL DEL CUSCO
_cBIBLIOTECA MUNICIPAL DEL CUSCO
082 _a869.57 / I96M4
_bI96M4
100 _aIwasaki Cauti, Fernando.
_950039
245 _aUn milagro informal /
260 _aLima :
_bSantillana,
_c2008
300 _a195 páginas. :
_c19 cm.
650 _aNovela
_950040
650 _aEl ritual
_950041
650 _aEl derby de los penúltimos
_950042
856 _fwww.fernandoiwasaki.com
942 _2ddc
_cLIBROS
945 _apbj
_d2024-05-31